[Event "62. BEM 2008"]
[Site "Dortmund"]
[Date "2008.02.21"]
[Round "3.10"]
[White "Gorzinski, Dariusz"]
[Black "Kajtazovic, Ismail"]
[Result "1-0"]
[WhiteElo "1841"]
[BlackElo "1525"]
[PlyCount "49"]
[EventDate "2008.??.??"]
[Source "SG Dortmund"]
[SourceDate "2004.12.16"]

1. e4 c5 2. c3 b6 3. d4 Bb7 4. Bd3 c4 5. Bc2 e6 6. Qe2 b5 7. b3 cxb3 8. axb3 a6
9. Nf3 Be7 10. O-O Nf6 11. c4 bxc4 12. bxc4 O-O 13. d5 d6 14. e5 Ng4 15. dxe6
fxe6 16. Nd4 Nxe5 17. Nxe6 Qe8 18. Nxf8 Bxf8 19. Be3 Qe6 20. Nd2 Nbd7 21. Ne4
Be7 22. Rab1 Bc6 23. Rfe1 Rf8 24. Bg5 Bxe4 25. Qxe4 1-0

[Event "62. BEM 2008"]
[Site "Dortmund"]
[Date "2008.02.21"]
[Round "3.11"]
[White "Rzoczek, Christoph"]
[Black "Lauche, Christoph"]
[Result "1-0"]
[WhiteElo "1588"]
[BlackElo "1834"]
[PlyCount "87"]
[EventDate "2008.??.??"]
[Source "SG Dortmund"]
[SourceDate "2004.12.16"]

1. e4 c5 2. Nf3 e6 3. d4 cxd4 4. Nxd4 Bc5 5. Nf3 Qb6 6. Qe2 Nf6 7. h3 O-O 8.
Nbd2 d5 9. e5 Nfd7 10. Nb3 Nc6 11. Nxc5 Qxc5 12. c3 f6 13. Be3 Qe7 14. exf6
Nxf6 15. Qc2 e5 16. Be2 Ne4 17. O-O-O Be6 18. Bd3 Rac8 19. Bxe4 dxe4 20. Qxe4
Bf5 21. Qc4+ Kh8 22. Bc5 Qf7 23. Qxf7 Rxf7 24. Ng5 Rf6 25. g4 Bg6 26. Rhe1 h6
27. Ne4 Rf3 28. Nd6 Rb8 29. h4 b6 30. Be3 b5 31. h5 Bh7 32. Rd5 b4 33. Rb5 Rff8
34. Rxb8 Rxb8 35. c4 b3 36. a3 Bc2 37. f4 exf4 38. Bxf4 Nd4 39. Nf7+ Kg8 40.
Nxh6+ gxh6 41. Bxb8 Nf3 42. Re3 Nd4 43. Bxa7 Nc6 44. Bb6 1-0

[Event "62. BEM 2008"]
[Site "Dortmund"]
[Date "2008.02.21"]
[Round "3.12"]
[White "Ezzat, Tarik"]
[Black "Schultz, Bernfried"]
[Result "1-0"]
[WhiteElo "1506"]
[BlackElo "1668"]
[PlyCount "59"]
[EventDate "2008.??.??"]
[Source "SG Dortmund"]
[SourceDate "2004.12.16"]

1. Nc3 Nf6 2. Nf3 e6 3. d4 d5 4. e3 a6 5. b3 b6 6. Bb2 Bb4 7. Bd3 Bb7 8. Nd2
Nbd7 9. f4 Rc8 10. a3 Be7 11. Qf3 c5 12. Ne2 O-O 13. g4 cxd4 14. Bxd4 Nc5 15.
Bxc5 Bxc5 16. g5 Ne8 17. h4 f5 18. h5 Qe7 19. b4 Bxe3 20. Qxe3 d4 21. Nxd4 Bxh1
22. Nxf5 Qf7 23. g6 hxg6 24. hxg6 Qf6 25. Ne7+ Qxe7 26. Qh3 Nf6 27. Qxh1 Rfd8
28. Qh3 Qd6 29. O-O-O Qxd3 30. Qxe6+ 1-0

[Event "62. BEM 2008"]
[Site "Dortmund"]
[Date "2008.02.21"]
[Round "3.13"]
[White "Ziemek, Siegfried"]
[Black "Clausen, Dirk"]
[Result "0-1"]
[WhiteElo "1671"]
[BlackElo "1597"]
[PlyCount "88"]
[EventDate "2008.??.??"]
[Source "SG Dortmund"]
[SourceDate "2004.12.16"]

1. e4 e6 2. d4 d5 3. Bd3 dxe4 4. Bxe4 Nf6 5. Bd3 Nc6 6. c3 Bd6 7. Nd2 e5 8. Ne2
Bg4 9. f3 Bh5 10. Qb3 Na5 11. Qc2 Nd5 12. Ne4 exd4 13. Nxd6+ Qxd6 14. Nxd4
O-O-O 15. O-O Bg6 16. Rd1 Nc4 17. Qf2 Bxd3 18. Rxd3 Qa6 19. Nf5 g6 20. Rxd5
gxf5 21. Rxd8+ Rxd8 22. Bg5 Rg8 23. Qe2 Qb6+ 24. Kf1 Qxb2 25. Qxb2 Nxb2 26. Bf6
Nc4 27. Re1 Nd6 28. Rd1 Rg6 29. Be5 Nc4 30. Bf4 Ra6 31. Rd5 Nd6 32. Bxd6 cxd6
33. Rxf5 Rxa2 34. Rxf7 a5 35. f4 a4 36. f5 a3 37. Re7 Rb2 38. f6 a2 39. f7
a1=Q+ 40. Re1 Qa6+ 41. Kg1 Qb6+ 42. Kh1 Rf2 43. Re8+ Kd7 44. f8=Q Qb1+ 0-1

[Event "62. BEM 2008"]
[Site "Dortmund"]
[Date "2008.02.21"]
[Round "3.14"]
[White "Reschop, Romano"]
[Black "Warsitz, Andreas"]
[Result "1-0"]
[WhiteElo "1670"]
[BlackElo "1558"]
[PlyCount "57"]
[EventDate "2008.??.??"]
[Source "SG Dortmund"]
[SourceDate "2004.12.16"]

1. d4 Nf6 2. Nf3 b6 3. c4 Bb7 4. Nc3 e6 5. a3 g6 6. Bg5 Bg7 7. e3 O-O 8. Bd3
Qc8 9. Qc2 d6 10. e4 c5 11. O-O Nc6 12. d5 exd5 13. cxd5 Nb8 14. Nd2 a6 15. Nc4
Qc7 16. a4 Nbd7 17. f4 h6 18. Bh4 Rfe8 19. Rae1 Rab8 20. Qb3 Ba8 21. Nxd6 Qxd6
22. e5 Bxd5 23. Nxd5 Qxd5 24. Bc4 Qb7 25. Bxf7+ Kh7 26. exf6 Rxe1 27. Rxe1 Nxf6
28. Qe6 Nh5 29. Bxg6+ 1-0

[Event "62. BEM 2008"]
[Site "Dortmund"]
[Date "2008.02.21"]
[Round "3.16"]
[White "Duschek, Günter"]
[Black "Reinacher, Detlev"]
[Result "1-0"]
[WhiteElo "1658"]
[BlackElo "1464"]
[PlyCount "67"]
[EventDate "2008.??.??"]
[Source "SG Dortmund"]
[SourceDate "2004.12.16"]

1. d4 d5 2. Nf3 e6 3. Bf4 Nf6 4. e3 h6 5. c3 Nbd7 6. Nbd2 Nh5 7. Ne5 Nxf4 8.
exf4 Nxe5 9. fxe5 Bd7 10. Qb3 Rb8 11. h4 a6 12. Nf3 b5 13. a3 c5 14. g4 cxd4
15. cxd4 Qa5+ 16. Nd2 Rc8 17. Bd3 Bb4 18. Qxb4 Qb6 19. Nb3 f6 20. Bg6+ Kd8 21.
exf6 gxf6 22. Qa5 Qxa5+ 23. Nxa5 Rg8 24. h5 e5 25. f3 Rc7 26. Nb3 exd4 27. Nxd4
Rc4 28. Rd1 Rg7 29. Rh2 Re7+ 30. Re2 Rxe2+ 31. Kxe2 Kc7 32. Bf5 Bxf5 33. Nxf5
Rc2+ 34. Rd2 1-0

[Event "62. BEM 2008"]
[Site "Dortmund"]
[Date "2008.02.21"]
[Round "3.17"]
[White "Krüger, Georg"]
[Black "Schrimpl, Michael"]
[Result "1-0"]
[WhiteElo "1672"]
[BlackElo "1390"]
[PlyCount "33"]
[EventDate "2008.??.??"]
[Source "SG Dortmund"]
[SourceDate "2004.12.16"]

1. Nf3 Nf6 2. c4 c5 3. Nc3 Nc6 4. d4 cxd4 5. Nxd4 g6 6. e4 e5 7. Nc2 a6 8. Be2
d6 9. O-O Be7 10. Bh6 Bd7 11. Qd2 Qa5 12. a3 O-O-O 13. b4 Qc7 14. Bg7 Rhe8 15.
Bxf6 Bxf6 16. Nd5 Bg5 17. Qxg5 1-0

[Event "62. BEM 2008"]
[Site "Dortmund"]
[Date "2008.02.21"]
[Round "3.18"]
[White "Benke, Werner"]
[Black "Hugenroth, Andreas"]
[Result "1-0"]
[WhiteElo "1563"]
[BlackElo "1231"]
[PlyCount "86"]
[EventDate "2008.??.??"]
[Source "SG Dortmund"]
[SourceDate "2004.12.16"]

1. e4 e5 2. Nf3 Nc6 3. Bb5 d6 4. Bxc6+ bxc6 5. O-O Nf6 6. Re1 g6 7. d4 Bg4 8.
dxe5 Bxf3 9. Qxf3 dxe5 10. Qc3 Qd6 11. Nd2 c5 12. Nb3 Rd8 13. Bg5 Be7 14. Bxf6
Qxf6 15. Nxc5 Qc6 16. Nd3 Qxc3 17. bxc3 f6 18. Rab1 Bd6 19. Rb7 Ra8 20. Reb1
Kd7 21. a4 f5 22. f3 Rhf8 23. c4 Kc6 24. c5 fxe4 25. fxe4 Bxc5+ 26. Nxc5 Kxc5
27. Rxc7+ Kd4 28. Rb4+ Ke3 29. Rxh7 Rad8 30. h3 Rd4 31. Rxd4 exd4 32. e5 Kd2
33. Rd7 Kc3 34. e6 Re8 35. Rc7+ Kd2 36. e7 a5 37. Kf2 Kc1 38. Kf3 Kb2 39. Ke4
Ka3 40. Kxd4 Kxa4 41. Rb7 Ka3 42. Kd5 Rxe7 43. Rxe7 Ka2 1-0

[Event "62. BEM 2008"]
[Site "Dortmund"]
[Date "2008.02.21"]
[Round "3.19"]
[White "Gegner, Michael"]
[Black "Salifoski, Ramazan"]
[Result "0-1"]
[WhiteElo "1552"]
[BlackElo "1625"]
[PlyCount "72"]
[EventDate "2008.??.??"]
[Source "SG Dortmund"]
[SourceDate "2004.12.16"]

1. d4 Nf6 2. Nc3 b6 3. e4 Bb7 4. Bd3 d6 5. f4 e6 6. Nf3 Be7 7. O-O h6 8. a3
Nbd7 9. e5 dxe5 10. fxe5 Nd5 11. Ne4 c6 12. Qe1 Nf8 13. Qg3 g5 14. Qh3 Ng6 15.
g3 Qd7 16. c4 Nc7 17. Be3 O-O-O 18. a4 Rdg8 19. Nfd2 Nf4 20. gxf4 gxf4+ 21. Kh1
fxe3 22. Qxe3 c5 23. Rxf7 Bg5 24. Qf2 Qxd4 25. Qxd4 cxd4 26. Nf3 Be3 27. Nd6+
Kb8 28. Nxb7 Kxb7 29. Be4+ Kb8 30. Rd1 Rg4 31. Bc6 Rhg8 32. Rf1 d3 33. b3 d2
34. h3 Rg2 35. Rd7 Kc8 36. Rd1 R2g3 0-1

[Event "62. BEM 2008"]
[Site "Dortmund"]
[Date "2008.02.21"]
[Round "3.20"]
[White "Stepke, Horst P"]
[Black "Fahle, Karl-Wilhelm"]
[Result "1-0"]
[WhiteElo "1608"]
[BlackElo "1202"]
[PlyCount "65"]
[EventDate "2008.??.??"]
[Source "SG Dortmund"]
[SourceDate "2004.12.16"]

1. e4 e5 2. Nf3 Nf6 3. d4 Nxe4 4. Nxe5 d6 5. Nd3 d5 6. g3 Qe7 7. Be3 Nd7 8. Bg2
Ndf6 9. O-O Bf5 10. Re1 Qd7 11. a4 Bh3 12. Nd2 Bxg2 13. Kxg2 Bd6 14. f3 Nxg3
15. hxg3 O-O-O 16. Bf2 c6 17. Ne5 Qc7 18. c4 Bxe5 19. Rxe5 c5 20. cxd5 Rxd5 21.
Rxd5 Nxd5 22. Rc1 Nf4+ 23. gxf4 Qxf4 24. Rxc5+ Kd7 25. Ne4 h5 26. Bg3 Qe3 27.
Rc7+ Ke6 28. Rxb7 h4 29. Bf2 h3+ 30. Kh2 Qf4+ 31. Bg3 Qh6 32. Qb3+ Kf5 33.
Qxf7+ 1-0

[Event "62. BEM 2008"]
[Site "Dortmund"]
[Date "2008.02.21"]
[Round "3.21"]
[White "Wodzinski, Kristin"]
[Black "Flierdl, Lothar"]
[Result "0-1"]
[WhiteElo "1212"]
[BlackElo "1702"]
[PlyCount "130"]
[EventDate "2008.??.??"]
[Source "SG Dortmund"]
[SourceDate "2004.12.16"]

1. d4 e5 2. dxe5 Nc6 3. Nf3 Qe7 4. Bg5 Qb4+ 5. Nc3 Qxb2 6. Nd5 Bb4+ 7. Nxb4
Qxb4+ 8. Qd2 Nge7 9. Bxe7 Qxe7 10. Qc3 O-O 11. Rd1 Re8 12. Rd5 a5 13. a3 Qe6
14. e4 Ne7 15. Rc5 Nc6 16. Bb5 Qg4 17. O-O Re6 18. Re1 h5 19. Bc4 Rg6 20. g3 h4
21. Qb3 Nd8 22. e6 hxg3 23. exf7+ Kf8 24. fxg3 Rf6 25. Ne5 Qh3 26. Rxc7 d6 27.
Rd1 Bg4 28. Nxg4 Qxg4 29. Re1 Rc8 30. Rxc8 Qxc8 31. e5 Qc5+ 32. Kh1 dxe5 33.
Qa4 Nxf7 34. Qb3 Nd6 35. Bd5 b5 36. Qd3 Nc4 37. Bxc4 bxc4 38. Qd8+ Kf7 39. Qd7+
Kf8 40. Rb1 Kg8 41. Rb8+ Rf8 42. Qe6+ Kh7 43. Rxf8 Qxf8 44. Qxc4 Qf3+ 45. Kg1
Qd1+ 46. Kg2 Qe1 47. Qd3+ e4 48. Qd4 g6 49. c4 Qe2+ 50. Kh1 Qf1+ 51. Qg1 Qxc4
52. Qa7+ Kh6 53. Qe3+ Kh5 54. h3 Qf1+ 55. Kh2 Qd3 56. Qf4 g5 57. Qf7+ Kh6 58.
Qf6+ Kh7 59. Qxg5 e3 60. Qh5+ Kg7 61. Qg4+ Kf6 62. Qf3+ Ke6 63. Qg4+ Kd5 64.
Kg2 Qd2+ 65. Kf1 Qf2# 0-1

[Event "62. BEM 2008"]
[Site "Dortmund"]
[Date "2008.02.21"]
[Round "3.22"]
[White "Dörre, Niels"]
[Black "Siwy, Boguslaw"]
[Result "1-0"]
[WhiteElo "1590"]
[BlackElo "1323"]
[PlyCount "63"]
[EventDate "2008.??.??"]
[Source "SG Dortmund"]
[SourceDate "2004.12.16"]

1. e4 e5 2. Nf3 Nc6 3. d4 exd4 4. Nxd4 g6 5. Bc4 Bg7 6. Nxc6 bxc6 7. O-O Ne7 8.
Nc3 Bxc3 9. bxc3 d5 10. exd5 cxd5 11. Qd4 O-O 12. Bd3 f6 13. Bh6 Rf7 14. Rfe1
Nf5 15. Bxf5 Bxf5 16. Re2 Qd6 17. Rae1 Bd7 18. Bf4 Qc6 19. Qb4 Qb6 20. Qa3 Rb8
21. h4 Rc8 22. Re7 c5 23. Bh6 Bf5 24. Re8+ Rf8 25. Bxf8 Rxe8 26. Rxe8 Kf7 27.
Ra8 a5 28. Bxc5 Qe6 29. Rf8+ Kg7 30. Be3 g5 31. hxg5 fxg5 32. Bd4+ 1-0

[Event "62. BEM 2008"]
[Site "Dortmund"]
[Date "2008.02.21"]
[Round "3.23"]
[White "Gennat, Egon L"]
[Black "Schaefer, Ulrich"]
[Result "0-1"]
[WhiteElo "1495"]
[BlackElo "1253"]
[PlyCount "118"]
[EventDate "2008.??.??"]
[Source "SG Dortmund"]
[SourceDate "2004.12.16"]

1. d4 Nf6 2. Nf3 e6 3. c4 Bb4+ 4. Nbd2 c5 5. a3 Bxd2+ 6. Bxd2 cxd4 7. Bb4 Nc6
8. Bd6 Ne4 9. c5 Nxd6 10. cxd6 O-O 11. Nxd4 Qb6 12. Nxc6 bxc6 13. Qd2 Ba6 14.
g3 c5 15. Bg2 Rab8 16. O-O Qxb2 17. Rfd1 Bxe2 18. Qxb2 Rxb2 19. Rdc1 c4 20. Rc3
Rfb8 21. Rac1 Rb1 22. Be4 Rxc1+ 23. Rxc1 Rb6 24. Rc2 Rb1+ 25. Kg2 Bf1+ 26. Kf3
Rb3+ 27. Kf4 Rxa3 28. Rb2 g6 29. Rb7 Bd3 30. Rxd7 Bxe4 31. Kxe4 Rd3 32. Rd8+
Kg7 33. d7 Kf6 34. Rc8 Rxd7 35. Rxc4 a5 36. Ke3 Ra7 37. Ra4 Ke7 38. Kf4 f6 39.
Ke4 Kd6 40. Kd4 Kc6 41. Kc4 Kb6 42. Kb3 Kb5 43. Rd4 a4+ 44. Ka3 Kc5 45. Rb4 e5
46. g4 f5 47. gxf5 gxf5 48. Rh4 f4 49. Rh5 Kd4 50. Rh3 e4 51. Rh4 Rf7 52. Kxa4
e3 53. fxe3+ Kxe3 54. Rh6 f3 55. Re6+ Kf2 56. Re5 Kg2 57. Rg5+ Kxh2 58. Rh5+
Kg3 59. Kb3 f2 0-1

[Event "62. BEM 2008"]
[Site "Dortmund"]
[Date "2008.02.22"]
[Round "3.25"]
[White "Krüger, Inge"]
[Black "Ackerhans, Gerd"]
[Result "0-1"]
[WhiteElo "1375"]
[BlackElo "1415"]
[PlyCount "62"]
[EventDate "2008.??.??"]
[Source "SG Dortmund"]
[SourceDate "2004.12.16"]

1. d4 Nf6 2. c4 b6 3. Nf3 e6 4. Nc3 Bb7 5. e3 Be7 6. Be2 O-O 7. O-O d5 8. cxd5
Nxd5 9. Bd2 Nd7 10. Rc1 Rc8 11. Qb3 c5 12. Bc4 Nxc3 13. Bxc3 Bxf3 14. gxf3 Bf6
15. Rcd1 Qc7 16. Kh1 cxd4 17. exd4 Qxc4 18. Qa3 a5 19. Qd6 Rfd8 20. Rg1 Ne5 21.
Qxb6 Nxf3 22. Rg4 Qc7 23. Qxc7 Rxc7 24. Bxa5 Rcd7 25. Bxd8 Rxd8 26. Kg2 Nxd4
27. b3 Kf8 28. f4 Ke7 29. Kf2 Rc8 30. f5 Nxf5 31. Re1 Bh4+ 0-1

[Event "62. BEM 2008"]
[Site "Dortmund"]
[Date "2008.02.21"]
[Round "3.26"]
[White "Dirks, Rainer"]
[Black "Rutmann, Ulrich"]
[Result "0-1"]
[WhiteElo "1155"]
[BlackElo "1401"]
[PlyCount "54"]
[EventDate "2008.??.??"]
[Source "SG Dortmund"]
[SourceDate "2004.12.16"]

1. e4 d6 2. Nf3 g6 3. Nc3 Bg7 4. Be2 Nf6 5. d4 O-O 6. O-O c6 7. Be3 Nbd7 8. a4
e5 9. d5 cxd5 10. Nxd5 Nxe4 11. Bd3 Nef6 12. Nxf6+ Nxf6 13. Bc4 d5 14. Bb3 Re8
15. Qd2 e4 16. Nd4 a6 17. f3 Qe7 18. Bg5 Qc5 19. Be3 Qc7 20. Bh6 e3 21. Bxe3 b6
22. Bh6 Bb7 23. Bxg7 Kxg7 24. Qg5 Re5 25. Qg3 Nh5 26. Qf2 Nf4 27. g3 Nh3+ 0-1

[Event "62. BEM 2008"]
[Site "Dortmund"]
[Date "2008.02.21"]
[Round "3.27"]
[White "Schoppe, Hans-Werner"]
[Black "Kiauka, Richard"]
[Result "1/2-1/2"]
[WhiteElo "1243"]
[BlackElo "1191"]
[PlyCount "89"]
[EventDate "2008.??.??"]
[Source "SG Dortmund"]
[SourceDate "2004.12.16"]

1. d4 c6 2. e4 d5 3. exd5 cxd5 4. Nf3 e6 5. a3 Bd6 6. g3 h6 7. Bg2 Nf6 8. O-O
O-O 9. Nc3 a6 10. Ne5 Nfd7 11. Nxd7 Nxd7 12. f4 Nb6 13. b3 Nd7 14. f5 Qc7 15.
Bd2 Nf6 16. fxe6 fxe6 17. Ne2 h5 18. Bg5 Nh7 19. Rxf8+ Kxf8 20. Bf4 Kf7 21. Qd3
Nf6 22. Bxd6 Qxd6 23. Nf4 Qb6 24. Rf1 Ke7 25. c4 dxc4 26. Qxc4 Bd7 27. Ng6+ Kf7
28. Ne5+ Ke7 29. b4 Bb5 30. Qc5+ Qxc5 31. dxc5 Bxf1 32. Kxf1 Nd5 33. Bf3 Kf6
34. Nc4 g6 35. Ke2 Ke7 36. Kd3 Rh8 37. Kd4 h4 38. g4 g5 39. Nb6 Rd8 40. Nxd5+
exd5 41. Bxd5 Rd7 42. a4 Kf6 43. Ke4 Re7+ 44. Kd4 Rd7 45. Ke4 1/2-1/2

[Event "62. BEM 2008"]
[Site "Dortmund"]
[Date "2008.02.21"]
[Round "3.28"]
[White "Rabe, Mark"]
[Black "Strotmann, Dieter"]
[Result "0-1"]
[WhiteElo "891"]
[BlackElo "1296"]
[PlyCount "84"]
[EventDate "2008.??.??"]
[Source "SG Dortmund"]
[SourceDate "2004.12.16"]

1. d4 d5 2. e3 Nf6 3. Bd3 e6 4. Nf3 c5 5. c3 c4 6. Bc2 Bd6 7. O-O O-O 8. b3
cxb3 9. Bxb3 Nbd7 10. Ba3 Bxa3 11. Nxa3 a6 12. Re1 Ne4 13. Qd3 Ndf6 14. Rac1
Bd7 15. Ne5 Rc8 16. f3 Nd6 17. Nb1 Nh5 18. Bc2 g6 19. Nd2 Bb5 20. c4 Bxc4 21.
Ndxc4 Nxc4 22. Nxc4 dxc4 23. Qe4 b5 24. Red1 Nf6 25. Qh4 Nd5 26. Qe4 Nc3 27.
Qb7 Nxd1 28. Bxd1 Qa5 29. Be2 Qd2 30. Rf1 Qxe2 31. h4 Qxe3+ 32. Kh2 Qf4+ 33. g3
Qd2+ 34. Kh3 c3 35. f4 c2 36. Kg4 Qe2+ 37. Kg5 Kg7 38. f5 Qh5+ (38... h6+ 39.
Kf4 e5+ 40. dxe5 Rc4+ 41. Qe4 Rxe4#) 39. Kf4 Qxf5+ 40. Ke3 Qxf1 41. Qe7 c1=Q+
42. Ke4 Qce1# 0-1

[Event "62. BEM 2008"]
[Site "Dortmund"]
[Date "2008.02.21"]
[Round "3.29"]
[White "Pachura, Karl-Heinz"]
[Black "Griese, Andreas"]
[Result "1-0"]
[WhiteElo "1305"]
[BlackElo "1058"]
[PlyCount "99"]
[EventDate "2008.??.??"]
[Source "SG Dortmund"]
[SourceDate "2004.12.16"]

1. e4 e5 2. Nf3 d6 3. Nc3 Nc6 4. Bb5 a6 5. Bxc6+ bxc6 6. O-O Be7 7. d4 exd4 8.
Qxd4 Nf6 9. Re1 O-O 10. e5 dxe5 11. Qxd8 Rxd8 12. Nxe5 Re8 13. Nxc6 Bd6 14.
Rxe8+ Nxe8 15. Ne4 Bb7 16. Nxd6 Nxd6 17. Na5 Be4 18. c4 Re8 19. Be3 Bd3 20. b3
g6 21. Re1 c5 22. f3 Nf5 23. Kf2 Nd6 24. Bxc5 Rxe1 25. Kxe1 Nc8 26. Kd2 Bf1 27.
g3 f5 28. Nc6 Kf7 29. Na7 Ne7 30. Bxe7 Kxe7 31. Nc6+ Kd6 32. Nd4 Kc5 33. Kc3
Kd6 34. f4 Bg2 35. b4 Be4 36. Nb3 Kc7 37. Nc5 Kb6 38. Nxe4 fxe4 39. Kd4 e3 40.
Kxe3 Kc6 41. Kd4 Kd6 42. a3 Kc6 43. Ke5 h5 44. h4 Kb6 45. Kf6 a5 46. Kxg6 axb4
47. axb4 Kc6 48. Kxh5 Kd6 49. Kg6 Ke6 50. h5 1-0

[Event "62. BEM 2008"]
[Site "Dortmund"]
[Date "2008.02.25"]
[Round "4.1"]
[White "Barskij, Aleksandr"]
[Black "Gitschel, Ralf"]
[Result "1/2-1/2"]
[WhiteElo "1874"]
[BlackElo "1914"]
[PlyCount "29"]
[EventDate "2008.??.??"]
[Source "SG Dortmund"]
[SourceDate "2004.12.16"]

1. e4 c5 2. Nf3 d6 3. d4 cxd4 4. Nxd4 Nf6 5. Nc3 a6 6. Bg5 Nc6 7. Qd2 Qa5 8.
Bxf6 gxf6 9. O-O-O Nxd4 10. Qxd4 Bh6+ 11. Kb1 Be6 12. g3 Rc8 13. Qa4+ Qxa4 14.
Nxa4 b5 15. Nb6 1/2-1/2

[Event "62. BEM 2008"]
[Site "Dortmund"]
[Date "2008.02.25"]
[Round "4.2"]
[White "Lindam, Ingo"]
[Black "Grube, Jörg"]
[Result "1-0"]
[WhiteElo "2070"]
[BlackElo "1747"]
[PlyCount "55"]
[EventDate "2008.??.??"]
[Source "SG Dortmund"]
[SourceDate "2004.12.16"]

1. d4 d5 2. Nf3 Nf6 3. Bf4 e6 4. Nbd2 Nbd7 5. e3 Be7 6. Bd3 b6 7. h4 c5 8. c3
a5 9. Qe2 Bb7 10. Ne5 O-O 11. Ndf3 Ne4 12. Ng5 h6 13. Nxe4 dxe4 14. Bb5 Nxe5
15. dxe5 Qc8 16. Qg4 Kh8 17. Rh3 Rg8 18. Qh5 Qf8 19. O-O-O Rd8 20. Rxd8 Bxd8
21. Qd1 Kh7 22. Rh1 Bxh4 23. Rxh4 g5 24. Bxg5 Rxg5 25. Rf4 Bc8 26. Qd6 Qg8 27.
Bc6 Rxg2 28. Bxe4+ 1-0

[Event "62. BEM 2008"]
[Site "Dortmund"]
[Date "2008.02.25"]
[Round "4.3"]
[White "Kropp, Andreas"]
[Black "Hoppe, Dirk"]
[Result "1/2-1/2"]
[WhiteElo "1918"]
[BlackElo "1779"]
[PlyCount "22"]
[EventDate "2008.??.??"]
[Source "SG Dortmund"]
[SourceDate "2004.12.16"]

1. e4 e6 2. d3 d5 3. Nd2 c5 4. Ngf3 Nc6 5. g3 b6 6. Bg2 Bb7 7. O-O Nf6 8. Re1
Be7 9. e5 Nd7 10. Nf1 Qc7 11. Qe2 h6 1/2-1/2

[Event "62. BEM 2008"]
[Site "Dortmund"]
[Date "2008.02.25"]
[Round "4.4"]
[White "Ziperstein, Jakob"]
[Black "Schröder, Thomas"]
[Result "0-1"]
[WhiteElo "1851"]
[BlackElo "1569"]
[PlyCount "84"]
[EventDate "2008.??.??"]
[Source "SG Dortmund"]
[SourceDate "2004.12.16"]

1. e4 c6 2. Nf3 d5 3. exd5 cxd5 4. d4 Nc6 5. Nc3 Nf6 6. h3 Bf5 7. Bd3 Bxd3 8.
Qxd3 e6 9. O-O a6 10. Bg5 Be7 11. Rfe1 O-O 12. a3 h6 13. Bh4 b5 14. Ne2 Ne4 15.
Bxe7 Qxe7 16. Nd2 Nd6 17. c3 Rfb8 18. Nf4 Qg5 19. g3 a5 20. Nf3 Qd8 21. Qe2 Ne4
22. Kg2 Ra6 23. Nd2 Nxd2 24. Qxd2 Rab6 25. Qe2 b4 26. axb4 axb4 27. Qg4 Ne7 28.
Ra7 Nf5 29. cxb4 Qf6 30. Rc1 Rxb4 31. Rcc7 Rxb2 32. Qf3 Nxd4 33. Qh5 Rf8 34.
Rcb7 Rxb7 35. Rxb7 Rd8 36. Qg4 Qf5 37. Qd1 Qe4+ 38. f3 Qe3 39. Rb4 e5 40. Nh5
Rc8 41. Rb2 Rc1 42. Nf6+ gxf6 0-1

[Event "62. BEM 2008"]
[Site "Dortmund"]
[Date "2008.02.25"]
[Round "4.5"]
[White "Raskin, Vitali"]
[Black "Büchle, Manfred"]
[Result "1-0"]
[WhiteElo "1634"]
[BlackElo "1858"]
[PlyCount "63"]
[EventDate "2008.??.??"]
[Source "SG Dortmund"]
[SourceDate "2004.12.16"]

1. d4 d5 2. c4 e6 3. Nc3 Nf6 4. Bg5 Be7 5. Nf3 O-O 6. e3 b6 7. cxd5 exd5 8. Be2
Bb7 9. O-O Nbd7 10. Rc1 a6 11. Ne5 c5 12. Bf3 c4 13. a4 Rc8 14. b3 Ne4 15. Bxe7
Qxe7 16. bxc4 Nxe5 17. Bxe4 dxe4 18. dxe5 Rxc4 19. Nd5 Bxd5 20. Qxd5 Rxa4 21.
Qd6 Qe8 22. Rc6 b5 23. Rfc1 h6 24. h3 Qb8 25. Rc7 b4 26. e6 fxe6 27. Qxe6+ Kh8
28. Qd7 Rg8 29. Qxa4 b3 30. R7c4 b2 31. Rb1 Rc8 32. Rxb2 1-0

[Event "62. BEM 2008"]
[Site "Dortmund"]
[Date "2008.02.25"]
[Round "4.6"]
[White "Krüger, Georg"]
[Black "Zelt, Jens"]
[Result "1/2-1/2"]
[WhiteElo "1672"]
[BlackElo "1982"]
[PlyCount "93"]
[EventDate "2008.??.??"]
[Source "SG Dortmund"]
[SourceDate "2004.12.16"]

1. Nf3 g6 2. c4 Bg7 3. Nc3 e5 4. e4 c6 5. d4 d6 6. h3 Qc7 7. Be2 Ne7 8. O-O O-O
9. b3 Nd7 10. Be3 f5 11. d5 f4 12. Bc1 Rd8 13. Ba3 c5 14. b4 b6 15. Ng5 Nf8 16.
bxc5 bxc5 17. Bg4 h6 18. Bxc8 Qxc8 19. Nf3 Rb8 20. Rb1 Qa6 21. Qa4 Qxa4 22.
Nxa4 Nd7 23. Rb3 Rxb3 24. axb3 Rb8 25. Rb1 Bf6 26. Nd2 Nc8 27. Nc3 Bd8 28. Ra1
Ba5 29. Bb2 Bxc3 30. Bxc3 Rb7 31. Kf1 Nb8 32. Ke2 Kf7 33. Kf3 Ne7 34. g3 fxg3
35. fxg3 Ng8 36. Ra4 Nf6 37. b4 cxb4 38. Bxb4 Ne8 39. c5 dxc5 40. Bxc5 a6 41.
Nc4 Rb3+ 42. Kf2 Nd7 43. Nd6+ Nxd6 44. Bxd6 Rb2+ 45. Kf3 Rb3+ 46. Kf2 Rb2+ 47.
Kf3 1/2-1/2

[Event "62. BEM 2008"]
[Site "Dortmund"]
[Date "2008.02.25"]
[Round "4.7"]
[White "Begna, Bozidar"]
[Black "Benke, Werner"]
[Result "1-0"]
[WhiteElo "1955"]
[BlackElo "1563"]
[PlyCount "39"]
[EventDate "2008.??.??"]
[Source "SG Dortmund"]
[SourceDate "2004.12.16"]

1. e4 c5 2. Nf3 d6 3. Bb5+ Bd7 4. Bxd7+ Qxd7 5. c4 Nf6 6. Nc3 Nc6 7. d4 cxd4 8.
Nxd4 g6 9. f3 Bg7 10. Be3 Nxd4 11. Bxd4 Qc6 12. b3 Nh5 13. Nd5 Qd7 14. g4 Bxd4
15. Qxd4 Nf6 16. Qxf6 exf6 17. Nxf6+ Ke7 18. Nxd7 Kxd7 19. O-O-O Kc7 20. Rd5
1-0

[Event "62. BEM 2008"]
[Site "Dortmund"]
[Date "2008.02.25"]
[Round "4.8"]
[White "Stepke, Horst P"]
[Black "Borjini, Mohamed"]
[Result "0-1"]
[WhiteElo "1608"]
[BlackElo "1933"]
[PlyCount "110"]
[EventDate "2008.??.??"]
[Source "SG Dortmund"]
[SourceDate "2004.12.16"]

1. e4 c5 2. d3 Nc6 3. g3 g6 4. Bg2 Bg7 5. Ne2 d6 6. O-O e6 7. c3 Nge7 8. Na3
O-O 9. Bd2 Rb8 10. f4 b5 11. Kh1 b4 12. Nc4 d5 13. exd5 exd5 14. Ne3 f5 15. Rc1
Be6 16. cxb4 cxb4 17. b3 d4 18. Nc4 Bd5 19. Ng1 Bxg2+ 20. Kxg2 Nd5 21. Qf3 Qd7
22. Rc2 Nc3 23. Qf2 Rfe8 24. Re1 Rxe1 25. Bxe1 Re8 26. Nf3 Nd1 27. Qd2 Ne3+ 28.
Nxe3 dxe3 29. Qe2 Qd5 30. Kg1 a5 31. Rc4 h6 32. Bd2 Qxf3 33. Qxf3 exd2 34. Rxc6
Re1+ 35. Kg2 d1=Q 36. Rc8+ Kh7 37. Qxd1 Rxd1 38. Ra8 Rd2+ 39. Kh3 Rxa2 40. Ra7
a4 41. Rb7 axb3 42. Rxb4 b2 43. d4 g5 44. fxg5 hxg5 45. g4 f4 46. Rb7 Kg6 47.
Rb6+ Kf7 48. Rb7+ Ke6 49. Rxg7 b1=Q 50. d5+ Kxd5 51. Rd7+ Ke4 52. Rd4+ Ke3 53.
Rd3+ Ke2 54. Rf3 Qh7+ 55. Kg2 Qb7 0-1

[Event "62. BEM 2008"]
[Site "Dortmund"]
[Date "2008.02.25"]
[Round "4.9"]
[White "Salifoski, Ramazan"]
[Black "Gorzinski, Dariusz"]
[Result "0-1"]
[WhiteElo "1625"]
[BlackElo "1841"]
[PlyCount "116"]
[EventDate "2008.??.??"]
[Source "SG Dortmund"]
[SourceDate "2004.12.16"]

1. e4 c6 2. d4 d5 3. Nc3 dxe4 4. Nxe4 Bf5 5. Ng3 Bg6 6. Nf3 e6 7. Bd3 Bxd3 8.
Qxd3 Nf6 9. O-O Be7 10. b3 Nbd7 11. Bb2 Qc7 12. c4 O-O 13. Rfe1 Bb4 14. Re2 Bd6
15. Rd1 Rad8 16. Qb1 Ng4 17. c5 Bf4 18. Bc1 Bxc1 19. Qxc1 Ngf6 20. b4 Nd5 21.
a3 N7f6 22. Ne4 Nxe4 23. Rxe4 a5 24. Rh4 f6 25. Qb2 axb4 26. axb4 Ra8 27. Rc1
b5 28. cxb6 Qxb6 29. h3 Rfc8 30. Re4 Kf7 31. Rce1 Re8 32. Qe2 Nc3 33. Ng5+ Kg8
34. Qh5 fxg5 35. Rg4 h6 36. h4 Qc7 37. g3 Qf7 38. Qxf7+ Kxf7 39. hxg5 hxg5 40.
Rxg5 Nd5 41. Rc1 Kf6 42. Re5 Nxb4 43. Rc4 Ra1+ 44. Kg2 Rb1 45. Re3 g5 46. g4
Nd5 47. Ra3 Rh8 48. Rca4 Nf4+ 49. Kf3 Re1 50. Re3 Rh3+ 51. Ke4 Rexe3+ (51...
Nd5 $1 52. Rxe1 Nc3#) 52. fxe3 Nd5 53. Ra3 Rg3 54. Rb3 Rxe3+ 55. Rxe3 Nxe3 56.
Kxe3 e5 57. Ke4 exd4 58. Kxd4 Ke6 0-1